Instrumentos Jurd̕icos adoptados por la Comunidad internacional

Detalles Bibliográficos
Autor principal: Medina Cuenca, Arnel
Formato: eBook
Lenguaje:español
Publicado: Barcelona: Editorial vLex, 2014
Materias:
Acceso en línea:Acceso restringido

MARC

LEADER 00000nam a22000007a 4500
005 20140602200939.0
007 cr|||| ||||
008 140602s2014 cu |||||s|||| 00||0 spa d
020 |a 978–959–7219–11–8 
035 |a 12180 
040 |a vLex 
090 |c 4962  |d 4962 
100 1 |a Medina Cuenca, Arnel 
245 1 0 |a Instrumentos Jurd̕icos adoptados por la Comunidad internacional  |h [Recurso electrn̤ico] /  |c Arnel Medina Cuenca 
256 |a Servicio en ln̕ea 
260 |a Barcelona:  |b Editorial vLex,  |c 2014 
300 |a 1 recurso electrn̤ico 
500 |a Subtt̕ulo: relacionados con los principios limitativos del ius puniendi, la delincuencia organizada, el trf̀ico y la trata de personas. 
506 1 |a Disponible solo en los productos indicados  |d vLex Global  |d vLex Global (Academic Edition, excluding Law Schools)  |d vLex Global (U.S. Academic Edition, Law Schools)  |d vLex Global (U.S. Academic Edition, excluding Law Schools)  |d vLex Global (Academic Edition, Law Schools) 
650 0 4 |a Derecho Penal  |z Cuba 
740 0 |a vLex Libros (Servicio en ln̕ea) 
856 4 0 |u http://vlex.com/source/instrumentos-juridicos-adoptados-por-la-comunidad-internacional-12180  |z Acceso restringido 
942 |c BOOK 
999 0 |a Criminal Law